00712cas a2200169 4500008004100000035001200041050002400053100002000077245015300097260010300250300002100353440003700374650003700411650003000448700002800478700003600506040116t19871987py 000 0 spa u aa43441100aHD85 .S7 bC36 19871 aCampos, Luis A.13aEl sector público en el paraguay :banálisis de sus inversiones y empresas /Luis A. Campos, Ricardo Canese ; prol. de Carlos Alberto González aAsunción, Paraguay :bCentro Interdiciplinario de Derecho Social y Economía política, c1987 a251 p. ;c19 cm. 0aInvestigaciones (CIDSEP) ;vno.110aEconómia política zParaguay20aGasto públicozParaguay1 aCanese, Ricardo, coaut.1 aGonzález, Carlos Alberto, tr.